| 000 | 01122nam a22002777a 4500 | ||
|---|---|---|---|
| 001 | BD-DhSAU 9278 | ||
| 003 | BD-DhSAU | ||
| 005 | 20260202152745.0 | ||
| 008 | 150613b2018 bg a|||| m||| 00| 0 eng d | ||
| 040 | _aBD-DhSAU | ||
| 082 |
_222 _a634.9 _bF399 |
||
| 100 |
_aMIAH, MD. FEROZ _eRegistration # 16-07215 |
||
| 245 |
_aInfluence of green leaf biomass of ipil-ipil on growth
and yield of tomato (solanum lycopersicum) /
_bMS thesis |
||
| 260 |
_aSher-e-Bangla Agricultural University : _bDepartment of Agroforestry and environmental science, _c2024. |
||
| 300 |
_aix, 57p. : _bill. ; _c30 cm. |
||
| 500 | _aMS thesis of Department of agroforestry and environmental science, Faculty of Agriculture, Sher-e-Bangla Agricultural University, Dhaka, Bangladesh | ||
| 504 | _aIncludes bibliographical reference. | ||
| 590 | _aNazmul | ||
| 650 | _agreen leaf biomass | ||
| 650 | _aipil-ipil | ||
| 651 | _atomato (solanum lycopersicum) | ||
| 700 |
_a Prof. Dr. Nasrin Sultana _eSuperviser |
||
| 700 |
_a Prof. Dr. Md. Kausar Hossain _eCo-superviser |
||
| 942 |
_2ddc _cTHESIS |
||
| 999 |
_c18261 _d18260 |
||